000 00588cam a22002053a 4500
001 44649
003 PGUSA
005 20140828084023.0
008 140112s2014||||xxu|||||s|||||000 | eng d
040 _aPGUSA
_beng
042 _adc
100 1 _aHaggard, H. Rider
_q(Henry Rider),
_d1856-1925
245 1 4 _aThe Last Boer War
_h[electronic resource] /
_cH. Rider Haggard
260 _bProject Gutenberg,
_c2014
506 _aPublic domain in the USA.
516 _aElectronic text
830 0 _aProject Gutenberg
_v44649
856 4 0 _uhttp://www.gutenberg.org/ebooks/44649
942 _cEB
999 _c273900
_d273900